<?xml version="1.0" encoding="UTF-8"?>
<record
    xmlns:xsi="http://www.w3.org/2001/XMLSchema-instance"
    xsi:schemaLocation="http://www.loc.gov/MARC21/slim http://www.loc.gov/standards/marcxml/schema/MARC21slim.xsd"
    xmlns="http://www.loc.gov/MARC21/slim">

  <leader>01086nam a22002897a 4500</leader>
  <controlfield tag="003">dpl</controlfield>
  <controlfield tag="005">20240903160630.0</controlfield>
  <controlfield tag="008">231221b        |||||||| |||| 00| 0 eng d</controlfield>
  <datafield tag="010" ind1=" " ind2=" ">
    <subfield code="a">ENG-141602</subfield>
  </datafield>
  <datafield tag="020" ind1=" " ind2=" ">
    <subfield code="a">9788193969915</subfield>
    <subfield code="c">1300.00</subfield>
  </datafield>
  <datafield tag="035" ind1=" " ind2=" ">
    <subfield code="a">EN-125134</subfield>
  </datafield>
  <datafield tag="037" ind1=" " ind2=" ">
    <subfield code="b">DBAD</subfield>
  </datafield>
  <datafield tag="040" ind1=" " ind2=" ">
    <subfield code="c">0</subfield>
  </datafield>
  <datafield tag="082" ind1=" " ind2=" ">
    <subfield code="a">615.321</subfield>
  </datafield>
  <datafield tag="100" ind1=" " ind2=" ">
    <subfield code="4">Ganesan, V.</subfield>
  </datafield>
  <datafield tag="245" ind1=" " ind2=" ">
    <subfield code="a">Orchids of Anamalais/</subfield>
    <subfield code="c">By V. Ganesan...etal</subfield>
  </datafield>
  <datafield tag="260" ind1=" " ind2=" ">
    <subfield code="a">Uttarakhand</subfield>
    <subfield code="b">Agro Environ Media, Publication Cell (AESA)</subfield>
    <subfield code="c">2019</subfield>
  </datafield>
  <datafield tag="270" ind1=" " ind2=" ">
    <subfield code="a">86, Gurubaksh Vihar (East), Kankhal</subfield>
    <subfield code="b">Haridwar</subfield>
    <subfield code="c">Uttarakhand</subfield>
    <subfield code="d">India</subfield>
  </datafield>
  <datafield tag="300" ind1=" " ind2=" ">
    <subfield code="a">214p.</subfield>
    <subfield code="c">24cm(hb)</subfield>
    <subfield code="b">ill.col</subfield>
  </datafield>
  <datafield tag="440" ind1=" " ind2=" ">
    <subfield code="v">Vol 1</subfield>
  </datafield>
  <datafield tag="700" ind1=" " ind2=" ">
    <subfield code="9">70876</subfield>
    <subfield code="a">Ganesan, V.</subfield>
    <subfield code="e">Author</subfield>
  </datafield>
  <datafield tag="700" ind1=" " ind2=" ">
    <subfield code="a">Sivaprasad, P. S.</subfield>
    <subfield code="e">Author</subfield>
    <subfield code="9">70912</subfield>
  </datafield>
  <datafield tag="700" ind1=" " ind2=" ">
    <subfield code="a">Subbaiyan, B.</subfield>
    <subfield code="e">Author</subfield>
    <subfield code="9">70913</subfield>
  </datafield>
  <datafield tag="700" ind1=" " ind2=" ">
    <subfield code="a">Panneerselvam, S. Thangaraj</subfield>
    <subfield code="e">Author</subfield>
    <subfield code="9">70914</subfield>
  </datafield>
  <datafield tag="942" ind1=" " ind2=" ">
    <subfield code="c">EN</subfield>
    <subfield code="h">615.321</subfield>
    <subfield code="m">GAN</subfield>
    <subfield code="2">ddc</subfield>
  </datafield>
  <datafield tag="999" ind1=" " ind2=" ">
    <subfield code="c">205510</subfield>
    <subfield code="d">205510</subfield>
  </datafield>
  <datafield tag="952" ind1=" " ind2=" ">
    <subfield code="0">0</subfield>
    <subfield code="1">0</subfield>
    <subfield code="2">ddc</subfield>
    <subfield code="4">0</subfield>
    <subfield code="7">0</subfield>
    <subfield code="8">NFIC</subfield>
    <subfield code="a">BL4</subfield>
    <subfield code="b">BL4</subfield>
    <subfield code="d">2024-09-03</subfield>
    <subfield code="e">DBAD</subfield>
    <subfield code="g">1300.00</subfield>
    <subfield code="l">1</subfield>
    <subfield code="o">615.321 GAN</subfield>
    <subfield code="p">EN-125134</subfield>
    <subfield code="r">2025-04-30 00:00:00</subfield>
    <subfield code="s">2025-04-16</subfield>
    <subfield code="t">1</subfield>
    <subfield code="v">1300.00</subfield>
    <subfield code="w">2024-09-03</subfield>
    <subfield code="y">EN</subfield>
  </datafield>
</record>
